000 00440cam a22001217a 4500
008 180718b1969 xxu||||| |||| 00| 0 eng d
082 _aT17x434 M668
100 _aMintz, Ilse
245 _aDating postwar business cycles: methods and their application toe Western Germany, 1950-67
_cby Ilse Mintz
260 _aNew York
_bNational Bureau of Economic Research
_c1969
300 _a111p.
650 _aBusiness Cycles - Germany (Federal Republic)
999 _c373954
_d373954